|
|
|
|
| LEADER |
00000cam a2200000 a 4500 |
| 001 |
vtls001386975 |
| 003 |
SK-MaSNL |
| 005 |
20260301161517.0 |
| 008 |
240801s1999 xo gr 000 j slo |
| 015 |
|
|
|a SNBA2000/06-02238
|
| 020 |
|
|
|a 8088986001
|
| 035 |
|
|
|a SNK000341160
|
| 035 |
|
|
|a urn:nbn:sk:snk-amkkym
|
| 035 |
|
|
|a urn:nbn:sk:snk-am003axw
|
| 035 |
|
|
|a B364A620-A813-4DE3-B3E5-AC316EDA1BA9
|
| 040 |
|
|
|a SNK
|b slo
|c SNK
|e AACR2
|
| 041 |
0 |
|
|a slo
|
| 044 |
|
|
|a xo
|c SK
|
| 072 |
|
7 |
|a 821.162.4-3
|x Slovenská próza
|2 konspekt
|
| 080 |
|
|
|a 821.162.4-32
|2 2011
|
| 100 |
1 |
|
|a Kraus, Dušan,
|d 1937-2001
|4 aut
|9 227160
|
| 245 |
1 |
0 |
|a Plynárenské poviedky
|c Dušan Kraus
|
| 260 |
|
|
|a Bratislava
|b Odkaz
|c 1999
|
| 300 |
|
|
|a 91 s.
|c 21 cm
|
| 500 |
|
|
|a Rozlož. fotogr. na tit. strane
|
| 655 |
|
7 |
|a slovenské poviedky
|2 SNKPH
|9 70226
|
| 852 |
|
|
|a Slovenská národná knižnica
|
| 919 |
|
|
|a 80-88986-00-1
|
| 954 |
|
|
|a beletria pôvodná (slovenská)
|2 lita
|
| 958 |
|
|
|a OND
|
| 958 |
|
|
|a LX
|
| 999 |
|
|
|c 809757
|d 811687
|
| 952 |
|
|
|t P60, <03>, [BOOK], {603}
|a SNK
|b SNK
|y PREZ
|7 0
|p 17A0234974
|o snkSC 101361
|i snkKSP 4005/2000
|0 0
|1 0
|4 0
|d 2000-04-14
|f 1
|l 0
|r 2025-09-23 00:00:00
|w 2026-02-24
|
| 952 |
|
|
|t P60, <04>, [BOOK], {604}
|a SNK
|b SNK
|y VYP
|7 0
|p 17A0234975
|o snkSC 101361 D1
|i snkKSP 4006/2000
|0 0
|1 0
|4 0
|d 2000-04-14
|l 0
|r 2005-01-02 00:00:00
|w 2026-02-24
|
| 952 |
|
|
|t P60, <09>, [BOOK], {629}
|a SNK
|b SNK
|y NEVYP
|7 0
|o snkC 268
|i snk549/20000418
|0 0
|1 0
|4 0
|d 2000-04-14
|l 0
|r 2005-01-02 00:00:00
|w 2026-02-24
|